000 00308nam a22001337a 4500
008 170328b xxu||||| |||| 00| 0 eng d
020 _a9781558748750
041 _aeng
080 _a796.3
100 _a8
101 _aSHM
245 _aCHICKEN SOUP FOR THE SPORTS FAN'S SOUL
_cCANFIELD, J
942 _2udc
_cBK
999 _c8807
_d8807